Music Quiz

Random Music Quiz

80s 'House' Songs Quiz Stats

 Plays Quiz not verified by Sporcle

Also try: Metallica Songs
Challenge
Share
Tweet
Embed
Score 0/16 Timer 03:00
0 Plays Today
% Correct
Talking Heads
84.8%
Madness
60.9%
John Cougar Mellencamp
58.7%
Depeche Mode
45.7%
(Was) Not Was
37%
Dead or Alive
23.9%
Living in a Box
21.7%
Big Sound Authority
19.6%
% Correct
Whodini
17.4%
The Jam
17.4%
Tracie
17.4%
Yvonne Gage
17.4%
XTC
13%
Animotion
12.5%
Marc Almond
10.9%
The Boomtown Rats
8.7%

You're not logged in!

Compare scores with friends on all Sporcle quizzes.
OR
Log In

You Might Also Like...

Show Comments

Extras

Top Quizzes Today


Score Distribution

Your Account Isn't Verified!

In order to create a playlist on Sporcle, you need to verify the email address you used during registration. Go to your Sporcle Settings to finish the process.

Report this User

Report this user for behavior that violates our Community Guidelines.

Details: